|
|
|
|
| LEADER |
00000nam0a2200000 4500 |
| 001 |
179470 |
| 005 |
20231031170334.0 |
| 010 |
|
|
|a 5170320183
|
| 010 |
|
|
|a 5-271-12123-2
|
| 035 |
|
|
|a (RuTPU)RU\TPU\book\194562
|
| 090 |
|
|
|a 179470
|
| 100 |
|
|
|a 20100422d2006 m y0rusy50 ca
|
| 101 |
0 |
|
|a rus
|
| 102 |
|
|
|a RU
|
| 105 |
|
|
|a y z 000ay
|
| 200 |
1 |
|
|a На золотом крыльце стреляли
|e роман
|f М. В. Крупин
|
| 210 |
|
|
|a Москва
|c АСТ
|c Астрель
|d 2006
|
| 215 |
|
|
|a 365 с.
|
| 225 |
1 |
|
|a Городской роман
|
| 330 |
|
|
|a Хорошенькая интеллигентная воспитательница частного детского сада и красавец-журналист — одинокий отец хулиганистого воспитанника...Они ОБРЕЧЕНЫ страстно полюбить друг друга — и, кстати, «хулиганистый воспитанник» придерживается ТОГО ЖЕ МНЕНИЯ. Но — страсть страстью, а счастье ПОКА ЧТО Н Е ГАРАНТИРОВАНО! Уж слишком они разные — тонкая, ироничная Клена и напористый, циничный Филипп... Что из этого следует? Самый остроумный и забавный любовный роман, который только можно вообразить!
|
| 610 |
1 |
|
|a русская литература
|
| 610 |
1 |
|
|a романы
|
| 610 |
1 |
|
|a любовные романы
|
| 675 |
|
|
|a Р2
|v 3
|
| 700 |
|
1 |
|a Крупин
|b М. В.
|g Михаил Владимирович
|
| 801 |
|
1 |
|a RU
|b 63413507
|c 20100422
|
| 801 |
|
2 |
|a RU
|b 63413507
|c 20100512
|g RCR
|
| 942 |
|
|
|c BK
|